Fragilste Länder nach Kontinent - Statistiken

Allgemein
  • Dieses Quiz wurde 59 mal gespielt
  • Das Durchschnittsergebnis liegt bei 13 aus 25
Antwortstatistiken
Land % Korrekt
Ukraine
85%
Russland
78%
Venezuela
71%
Haiti
68%
Afghanistan
66%
Peru
61%
Bolivien
59%
Syrien
59%
Kolumbien
56%
Demokratische Republik Kongo
54%
Südsudan
54%
Belarus
51%
Mexiko
51%
Somalia
51%
Jemen
49%
Nicaragua
49%
Serbien
49%
Sudan
49%
Guatemala
46%
Honduras
46%
Brasilien
44%
Bosnien und Herzegowina
37%
Myanmar
34%
Zentralafrikanische Republik
32%
Libanon
29%
Keine übereinstimmenden Quizze gefunden
Verteilung der Resultate
Anzahl Personen mit jedem Resultat
Perzentil nach korrekt beantworteten Fragen
Ihre Resultats-Entwicklung
Sie haben dieses Quiz noch nicht gespielt